| 000 | 00768nac a22002411u 4500 | ||
|---|---|---|---|
| 003 | EG-ScBUE | ||
| 005 | 20221016111427.0 | ||
| 008 | 221016s1979 enka f e 001 0 eng d | ||
| 020 | _a0333232097 | ||
| 040 |
_aEG-ScBUE _beng _erda _cEG-ScBUE _dEG-ScBUE |
||
| 082 | 0 | 4 |
_a720.9 _bSTI _222 |
| 100 | 1 |
_aStierlin, Henri, _eauthor. |
|
| 245 | 1 | 0 |
_aEncyclopaedia of world architecture. _n2 / _cHenri Stierlin. |
| 250 | _aSecond edition. | ||
| 264 | 1 |
_aLondon : _bMacmillan Press, _c1979. |
|
| 300 |
_a2 volumes : _billustrations (some color) ; _c29 cm |
||
| 500 | _aIncludes index. | ||
| 546 | _aText in English, French, and German. | ||
| 650 | 7 |
_aArchitecture _xHistory _xEncyclopedias. _2BUEsh |
|
| 653 | _bENGARC | ||
| 655 | _vReading book | ||
| 942 |
_cNB _2ddc |
||
| 999 |
_c6564 _d6564 |
||